Understanding reading problems : (Record no. 13398)

000 -LEADER
fixed length control field 01093cam a2200301 a 4500
001 - CONTROL NUMBER
control field 13167611
003 - CONTROL NUMBER IDENTIFIER
control field OSt
005 - DATE AND TIME OF LATEST TRANSACTION
control field 20160811090239.0
008 - FIXED-LENGTH DATA ELEMENTS--GENERAL INFORMATION
fixed length control field 030418s2004 maua b 001 0 eng
010 ## - LIBRARY OF CONGRESS CONTROL NUMBER
LC control number 2003050281
020 ## - INTERNATIONAL STANDARD BOOK NUMBER
International Standard Book Number 0205386423
040 ## - CATALOGING SOURCE
Original cataloging agency DLC
Transcribing agency DLC
Modifying agency DLC
050 00 - LIBRARY OF CONGRESS CALL NUMBER
Classification number LB1050.46
Item number .G55 2004
082 00 - DEWEY DECIMAL CLASSIFICATION NUMBER
Classification number 372.48
Edition number 21
100 1# - MAIN ENTRY--PERSONAL NAME
Personal name Gillet, Jean Wallace.
245 10 - TITLE STATEMENT
Title Understanding reading problems :
Remainder of title assessment and instruction /
Statement of responsibility, etc. Jean Wallace Gillet, Charles Temple, Alan N. Crawford, with Bernard Cooney, Jr.
250 ## - EDITION STATEMENT
Edition statement 6th ed.
260 ## - PUBLICATION, DISTRIBUTION, ETC. (IMPRINT)
Place of publication, distribution, etc. Boston, Mass. :
Name of publisher, distributor, etc. Allyn and Bacon,
Date of publication, distribution, etc. c2004.
300 ## - PHYSICAL DESCRIPTION
Extent xvii, 491 p. :
Other physical details ill. ;
Dimensions 25 cm.
504 ## - BIBLIOGRAPHY, ETC. NOTE
Bibliography, etc Includes bibliographical references and indexes.
650 #0 - SUBJECT ADDED ENTRY--TOPICAL TERM
Topical term or geographic name as entry element Reading
General subdivision Ability testing.
650 #0 - SUBJECT ADDED ENTRY--TOPICAL TERM
Topical term or geographic name as entry element Reading
General subdivision Remedial teaching.
700 1# - ADDED ENTRY--PERSONAL NAME
Personal name Temple, Charles A.,
Dates associated with a name 1947-
700 1# - ADDED ENTRY--PERSONAL NAME
Personal name Crawford, Alan N.
906 ## - LOCAL DATA ELEMENT F, LDF (RLIN)
a 7
b cbc
c orignew
d 1
e ocip
f 20
g y-gencatlg
942 ## - ADDED ENTRY ELEMENTS (KOHA)
Source of classification or shelving scheme
Koha item type Hard Covered Materials
Holdings
Withdrawn status Lost status Source of classification or shelving scheme Damaged status Not for loan Home library Current library Shelving location Date acquired Source of acquisition Total Checkouts Full call number Barcode Date last seen Price effective from Koha item type
          MACHAKOS UNIVERSITY LIBRARY MACHAKOS UNIVERSITY LIBRARY Open shelf 11/08/2016 Donation(BFA)   LB 3013.E73 2004 24542 11/08/2016 11/08/2016 Hard Covered Materials
© Machakos University Library, Along The Highway, Machakos Wote Rd, Machakos, Kenya P.O. Box 136 - 90100 Machakos - Kenya

Tel: ( +254 ) 723 805829 OR Fax : 044-20353 OR Email: library@mksu.ac.ke